000 00469nam a2200193Ia 4500
005 20240823014456.0
008 240823s9999||||xx |||||||||||||| ||und||
020 _a81-219-0339-4
041 _aENGLISH
082 _A515.62 P5
100 _aSaxena H C
245 0 _aFinite Differences and Numerical Analysis
250 _a15th
260 _c2005
_bS chand New D
_aNew Delhi
500 _aYES
650 _aAnalysis
_bMathematics
942 _cBK
999 _c170176
_d170176